000 00825nam a22002057a 4500
003 OSt
005 20260128093004.0
008 210903b ||||| |||| 00| 0 eng d
040 _cOSt
041 _ashan
082 _a491.375
245 _aသမၢသ်ႈ၊တတ်ထိတ်၊ၸႃႇတၵ၊ၶေႃႈထၢမ်တွပ်ႇပွႆးပီၵွၼ်းၶမ်းဢၽိထၢၼ်ႇ
260 _aတႃႈလိူဝ်ႇ
_bပျီႉၸုင်ႇဢွပ်ႉၾ်သႅတ်ႉ
_c2009
300 _a502 ၼႃႈ
_c21 ၸိၼ်ႇထီႇ
500 _a S-SAT: Dr. Prof Sai Aung Tun
650 _aပႃႇလိသတ်ႉတႃႇ
_926671
710 _aၸဝ်ႈသြႃႇၵဝိၼ်ႇတ ပိၼ်ႇတႅမ်ႈ-
_965811
942 _cBK
942 _2ddc
999 _c6338
_d6338